| 000 | 01448nam a22003733i 4500 | ||
|---|---|---|---|
| 001 | EBC32526132 | ||
| 003 | MiAaPQ | ||
| 005 | 20260417131854.0 | ||
| 007 | cr cnu|||||||| | ||
| 008 | 260416s2026 xx o ||||0 eng d | ||
| 020 |
_a9780197772980 _q(electronic bk.) |
||
| 020 | _z9780197772966 | ||
| 040 |
_aMiAaPQ _beng _cMiAaPQ |
||
| 100 | 1 |
_aR. Marples, David. _969068 |
|
| 245 | 1 | 0 |
_aBelarus : _bWhat Everyone Needs to Know®. |
| 250 | _a1st ed. | ||
| 264 | 1 |
_aNew York : _bOxford University Press, Incorporated, _c2026. |
|
| 264 | 4 | _c{copy}2026. | |
| 300 | _a1 online resource (289 pages) | ||
| 336 |
_aText _btxt _2rdacontent |
||
| 337 |
_aComputermedien _bc _2rdamedia |
||
| 338 |
_aOnline Resource _bcr _2rdacarrier |
||
| 490 | 0 | _aWhat Everyone Needs to Know® Series | |
| 500 | _aE-Book-ProQuest / Fernzugriff nach Registrierung möglich | ||
| 520 | _aBelarus: What Everyone Needs to Know ® explain Belarus to outsiders, tracing its development, history, and formation of a modern identity. | ||
| 651 | _aBelarus | ||
| 655 |
_aFernzugriff _9230 |
||
| 655 | 4 | _aElectronic books. | |
| 700 | 1 |
_aLaputska, Veronica. _969069 |
|
| 776 | 0 | 8 |
_iPrint version: _aR. Marples, David _tBelarus _dNew York : Oxford University Press, Incorporated,c2026 _z9780197772966 |
| 856 | 4 | 0 |
_uhttps://ebookcentral.proquest.com/lib/maxweberstiftung-ebooks/detail.action?docID=32526132 _zVolltext |
| 942 |
_cEB _2z |
||
| 999 |
_c74089 _d74089 |
||